| 000 | 00480nam a2200181Ia 4500 | ||
|---|---|---|---|
| 003 | OSt | ||
| 005 | 20200928123443.0 | ||
| 008 | 190216s9999||||xx |||||||||||||| ||und|| | ||
| 020 | _a8171419569 | ||
| 040 | _coclc | ||
| 082 |
_a581.6 _bPOO/E |
||
| 100 |
_aPooja _95058 |
||
| 245 | 0 |
_aEconomic Botany / _cPooja |
|
| 260 |
_bDiscovery Publishing House, _aDelhi: _c2005. |
||
| 300 | _a323p | ||
| 650 | _aBotany | ||
| 942 |
_cBK _2ddc _h581.6 _iPOO/E _k581.6 _mPOO/E |
||
| 999 |
_c1663 _d1663 |
||